000 00295 a2200145 4500
001 160824
020 _a
040 _cMagnum
100 _a-
240 1 0 _aO gato de botas/edelbra
_lpor
245 1 0 _aO gato de botas/edelbra
362 0 _a1899
697 _aIJ/FADAS, FANTASIA
942 _cBK
999 _c160824
_d160824